000 00620nam a22001697a 4500
999 _c61632
_d61632
005 20240403104957.0
008 240403s2015 tu ||||| |||| 00| 0 tur d
020 _a9786058701021x
041 _atur
080 _a811.512.16(075) Y-40
245 _aYedi İklim Türkçe :
_bA 2 : Çalışma Kitabı /
_cİbrahim Gültekin, Mahir Kalfa, İbrahim Atabey, Filiz Mete, Aydan Eryiğit, Uğur Kılıç.
264 _aAnkara :
_bYunus emre enstitusu,
_c2015.
300 _a100 p. :
_bill.;
_c30 cm
653 _aთურქული ენა
653 _aსავარჯიშო რვეული
942 _2udc
_cBK